[Event "Hamburg-Schleswig-Holstein"]
[Site "?"]
[Date "2005.04.15"]
[Round "2.1"]
[White "Kopylova, Ljubov"]
[Black "Kas-Fromm, Rita"]
[Result "1-0"]
[WhiteElo "2216"]
[BlackElo "2244"]
[PlyCount "79"]
[EventDate "1905.??.??"]

1. d4 d5 2. c4 e6 3. g3 c6 4. Bg2 f5 5. Nf3 Bd6 6. O-O Nf6 7. Nc3 O-O 8. Qc2
Ne4 9. a3 Bd7 10. b4 Be8 11. Rb1 Nd7 12. c5 Bc7 13. b5 e5 14. bxc6 bxc6 15.
Nxe4 fxe4 16. Ng5 Rf6 17. Bh3 Bg6 18. Rb7 Qc8 19. Qb2 Bf5 20. Bxf5 Rxf5 21. Ne6
Bb6 22. Nxg7 Kxg7 23. Rxd7+ Qxd7 24. cxb6 axb6 25. dxe5 d4 26. e6 Qd5 27. Qxb6
Re8 28. Qa7+ Kg6 29. g4 Rf6 30. h4 h5 31. Bg5 Qxe6 32. gxh5+ Kxh5 33. Qh7+ Rh6
34. Qxh6+ Qxh6 35. Bxh6 Kxh6 36. Rc1 Kh5 37. Rxc6 Kxh4 38. Rd6 d3 39. exd3 exd3
40. Rxd3 1-0

[Event "Hamburg-Schleswig-Holstein"]
[Site "?"]
[Date "2005.04.15"]
[Round "2.2"]
[White "Frank, Tena"]
[Black "Willrodt, Sonja"]
[Result "1/2-1/2"]
[WhiteElo "2043"]
[BlackElo "1953"]
[PlyCount "28"]
[EventDate "1905.??.??"]

1. e4 e6 2. d4 d5 3. Nc3 Nf6 4. Bg5 Be7 5. e5 Nfd7 6. h4 a6 7. Qg4 f5 8. exf6
Nxf6 9. Qg3 Nc6 10. O-O-O Bd6 11. Qe3 Ne7 12. Bd3 c6 13. Nh3 Qc7 14. Nf4 e5
1/2-1/2

[Event "Hamburg-Schleswig-Holstein"]
[Site "?"]
[Date "2005.04.15"]
[Round "2.3"]
[White "Gehrmann, Dorit"]
[Black "Smolkina, Milana"]
[Result "0-1"]
[WhiteElo "1890"]
[BlackElo "1709"]
[PlyCount "88"]
[EventDate "1905.??.??"]

1. e4 c5 2. Nf3 Nc6 3. d4 cxd4 4. Nxd4 g6 5. Nc3 Bg7 6. Nce2 Nf6 7. Nxc6 bxc6
8. Nc3 O-O 9. Bd3 d5 10. O-O Rb8 11. f3 dxe4 12. Nxe4 Nxe4 13. Bxe4 Bxb2 14.
Bxb2 Rxb2 15. Kh1 Qxd1 16. Rfxd1 Be6 17. a3 c5 18. Rd2 Rfb8 19. h3 f5 20. Bc6
Kf7 21. Re1 Rb1 22. Rxb1 Rxb1+ 23. Kh2 Rb2 24. Ba4 f4 25. Rd3 Rb6 26. Rc3 c4
27. Kg1 Kf6 28. Be8 Ke5 29. a4 Kd4 30. Ra3 Rb1+ 31. Kh2 Rc1 32. Bc6 Rxc2 33.
Ra1 Bf5 34. Re1 e5 35. Rd1+ Bd3 36. Re1 Re2 37. Rd1 Ke3 38. Bb5 Kd4 39. Rc1 Rc2
40. Re1 Be2 41. Bc6 c3 42. Rb1 Rb2 43. Rc1 c2 44. a5 Kc3 0-1

[Event "Hamburg-Schleswig-Holstein"]
[Site "?"]
[Date "2005.04.15"]
[Round "2.4"]
[White "Schmidt, Jade"]
[Black "Hielscher, Ursula"]
[Result "1/2-1/2"]
[WhiteElo "1724"]
[BlackElo "1896"]
[PlyCount "65"]
[EventDate "1905.??.??"]

1. d4 Nf6 2. c4 g6 3. f3 d6 4. e4 Bg7 5. Nc3 Nbd7 6. Bg5 c5 7. d5 O-O 8. Qd2
Re8 9. Nh3 a6 10. a4 Ne5 11. Nf2 Qa5 12. Ra3 Qb4 13. Ncd1 Qxd2+ 14. Kxd2 e6 15.
Be2 exd5 16. cxd5 h5 17. Nc3 Nh7 18. Be3 f5 19. h3 Bd7 20. exf5 Bxf5 21. g4
hxg4 22. hxg4 Bd7 23. f4 Nf7 24. Bd3 Nf8 25. g5 Rab8 26. Nfe4 b5 27. axb5 axb5
28. Ra6 b4 29. Nd1 Bc8 30. Ra7 Bb7 31. Nf6+ Bxf6 32. gxf6 Bxd5 33. Rg1 1/2-1/2

[Event "Hamburg-Schleswig-Holstein"]
[Site "?"]
[Date "2005.04.15"]
[Round "2.5"]
[White "Freter, Anke"]
[Black "Rohlfs, Ricarda"]
[Result "1-0"]
[WhiteElo "1792"]
[BlackElo "1625"]
[PlyCount "57"]
[EventDate "1905.??.??"]

1. e4 c5 2. Nc3 Nc6 3. g3 g6 4. Bg2 Bg7 5. d3 d6 6. f4 e6 7. Nf3 Nge7 8. O-O
O-O 9. Be3 Nd4 10. Qd2 Rb8 11. Nd1 b5 12. c3 Nxf3+ 13. Bxf3 Qc7 14. f5 exf5 15.
Bh6 fxe4 16. Bxg7 Kxg7 17. Bxe4 Bb7 18. Qf4 f5 19. Bxb7 Rxb7 20. Ne3 Rbb8 21.
Rae1 Rbe8 22. h4 Qc6 23. h5 Rh8 24. h6+ Kg8 25. Qg5 Qd7 26. Qf6 Nc6 27. Nxf5
Ne5 28. Nxd6 Nf3+ 29. Qxf3 1-0

[Event "Hamburg-Schleswig-Holstein"]
[Site "?"]
[Date "2005.04.15"]
[Round "2.6"]
[White "Zehner, Birte"]
[Black "Rehder, Andrea"]
[Result "1/2-1/2"]
[WhiteElo "1579"]
[BlackElo "1478"]
[PlyCount "87"]
[EventDate "1905.??.??"]

1. e4 c5 2. Nc3 Nc6 3. f4 g6 4. Nf3 Bg7 5. g3 e6 6. Bg2 Nge7 7. O-O O-O 8. d3
d5 9. e5 a6 10. a4 Rb8 11. h3 Bd7 12. Kh2 Nf5 13. Ne2 Qc7 14. g4 Nfe7 15. d4
cxd4 16. Nexd4 Nxd4 17. Nxd4 Nc6 18. c3 Ne7 19. Bd2 b5 20. axb5 Bxb5 21. Nxb5
Rxb5 22. b4 a5 23. Qe2 Rfb8 24. Rfc1 axb4 25. cxb4 Qd7 26. Qf2 Nc6 27. Bf1 R5b7
28. b5 Ne7 29. Ra6 Nc8 30. Be3 Bf8 31. Bc5 Bxc5 32. Qxc5 Nb6 33. Qd6 Nc4 34.
Qxd7 Rxd7 35. Bxc4 dxc4 36. b6 Rd2+ 37. Kg3 Rd3+ 38. Kh4 Rb3 39. Rxc4 R3xb6 40.
Rxb6 Rxb6 41. Kg5 Kg7 42. f5 exf5 43. gxf5 h6+ 44. Kg4 1/2-1/2

[Event "Hamburg-Schleswig-Holstein"]
[Site "?"]
[Date "2005.04.15"]
[Round "2.7"]
[White "Knof, Henrike"]
[Black "Dobrusina, Anna"]
[Result "0-1"]
[WhiteElo "1073"]
[BlackElo "1348"]
[PlyCount "72"]
[EventDate "1905.??.??"]

1. e4 c5 2. Nf3 d6 3. Bc4 Nf6 4. Ng5 e6 5. Nc3 Be7 6. d3 O-O 7. Qf3 Nc6 8. a3
Nd4 9. Qd1 a6 10. Nf3 b5 11. Nxd4 cxd4 12. Nxb5 axb5 13. Bxb5 Qa5+ 14. Bd2 Qxb5
15. b3 e5 16. h3 d5 17. c4 dxc3 18. Bxc3 d4 19. Bb2 Ba6 20. O-O Qxd3 21. Qxd3
Bxd3 22. Rfe1 Bxe4 23. f3 Bc2 24. Rxe5 Bd6 25. Re2 Bxb3 26. Bxd4 Bxa3 27. Re3
Rfb8 28. Rb1 Ba2 29. Ra1 Rb1+ 30. Rxb1 Bxb1 31. Re1 Bg6 32. Ra1 Nd5 33. Kf1 Nb4
34. Bc5 Nc2 35. Ra2 Bd3+ 36. Kf2 Bxc5+ 0-1

[Event "Hamburg-Schleswig-Holstein"]
[Site "?"]
[Date "2005.04.15"]
[Round "2.8"]
[White "Herbold, Nora Elise Marina"]
[Black "Mahler, Sonja"]
[Result "1-0"]
[WhiteElo "1541"]
[BlackElo "1189"]
[PlyCount "69"]
[EventDate "1905.??.??"]

1. e4 e5 2. Nf3 Nc6 3. d4 exd4 4. c3 dxc3 5. Bc4 Qf6 6. bxc3 d6 7. O-O h6 8.
Nd4 Be7 9. Bd5 Ne5 10. f4 Nd7 11. Nd2 c5 12. Ne2 Nb6 13. Bb3 Be6 14. Nf3 Bxb3
15. axb3 Qe6 16. Qc2 g6 17. Bb2 c4 18. Ned4 Qd7 19. Nd2 d5 20. Rfe1 Qg4 21.
exd5 Nxd5 22. Nxc4 Nxf4 23. Kf1 Kf8 24. Ne3 Qh4 25. Nf3 Qf6 26. c4 Qb6 27. Bxh8
f6 28. g3 Ne6 29. Nd5 Qc6 30. Qxg6 Bb4 31. Re2 Bc3 32. Rd1 Qd6 33. Rd3 Ba5 34.
Nxf6 Qxd3 35. Qxd3 1-0

[Event "Nordrhein-Westfalen-Sachsen-Anhalt II"]
[Site "?"]
[Date "2005.04.15"]
[Round "3.1"]
[White "Hofmann, Annett"]
[Black "Koglin, Anke"]
[Result "1-0"]
[WhiteElo "1978"]
[BlackElo "2192"]
[PlyCount "53"]
[EventDate "1905.??.??"]

1. e4 Nf6 2. e5 Nd5 3. d4 d6 4. c4 Nb6 5. exd6 exd6 6. Nc3 Be7 7. Bd3 Nc6 8.
Nge2 Bg4 9. f3 Bh5 10. O-O Bg6 11. b3 Qd7 12. Be3 O-O-O 13. Qd2 Kb8 14. a4 Bxd3
15. Qxd3 Nb4 16. Qd2 Qf5 17. Ne4 a5 18. d5 Nc8 19. Nd4 Qg6 20. Nb5 f5 21. Ng5
Bxg5 22. Bxg5 Rde8 23. Bf4 h6 24. c5 Qf6 25. cxd6 Nxd6 26. Bxd6 cxd6 27. Qf2
1-0

[Event "Nordrhein-Westfalen-Sachsen-Anhalt II"]
[Site "?"]
[Date "2005.04.15"]
[Round "3.2"]
[White "Vogel, Heike"]
[Black "Maedel, Katja"]
[Result "1-0"]
[WhiteElo "2126"]
[BlackElo "2034"]
[PlyCount "63"]
[EventDate "1905.??.??"]

1. d4 d5 2. Bf4 c6 3. e3 e6 4. Nd2 Bd6 5. Bg3 Nf6 6. Bd3 Bc7 7. f4 Nbd7 8. Ngf3
O-O 9. Bh4 Qe7 10. c3 c5 11. Ne5 c4 12. Bc2 b5 13. Qf3 Rb8 14. Nc6 Qd6 15. Nxb8
Bxb8 16. g4 b4 17. O-O bxc3 18. bxc3 Qa3 19. Rac1 g6 20. Bb1 Bc7 21. f5 Bb7 22.
Nxc4 dxc4 23. Qxb7 Bxh2+ 24. Kxh2 Nxg4+ 25. Kh3 Nxe3 26. Qxd7 Nxf1 27. Rxf1
Qxc3+ 28. Bg3 gxf5 29. Qd6 h5 30. Rg1 Qf3 31. Kh2 Ra8 32. Qe7 1-0

[Event "Nordrhein-Westfalen-Sachsen-Anhalt II"]
[Site "?"]
[Date "2005.04.15"]
[Round "3.3"]
[White "Vogler, Ursula"]
[Black "Kuznetsova, Elena"]
[Result "1/2-1/2"]
[WhiteElo "1635"]
[BlackElo "2124"]
[PlyCount "142"]
[EventDate "1905.??.??"]

1. e4 c5 2. Nf3 d6 3. d4 cxd4 4. Nxd4 Nf6 5. Nc3 a6 6. Bd3 e6 7. O-O Qc7 8. Qe2
Nbd7 9. Be3 b5 10. a3 Bb7 11. Nb3 Be7 12. f3 O-O 13. Qf2 Ne5 14. Bb6 Qb8 15.
Na5 Bc8 16. Bd4 Bd7 17. b4 Rc8 18. Rac1 Nc6 19. Nxc6 Rxc6 20. Ne2 e5 21. Be3
Be6 22. f4 Ng4 23. Qf3 Nxe3 24. Qxe3 f6 25. f5 Bf7 26. Rf3 Qa7 27. Kf2 Bd8 28.
Qxa7 Rxa7 29. Ke1 Bb6 30. Kd2 Rac7 31. c3 Ba7 32. Rg3 Bf2 33. Rf3 Bh4 34. Kc2
Bg5 35. Rd1 Bh5 36. Rh3 Rxc3+ 37. Nxc3 Bxd1+ 38. Kb2 Bg4 39. Rg3 Bh5 40. Rh3
Bf7 41. Bc2 Bd2 42. Rd3 Bxc3+ 43. Rxc3 Rxc3 44. Kxc3 Bc4 45. a4 Kf7 46. a5 Ke7
47. Bd1 d5 48. Bf3 Kd6 49. g4 dxe4 50. Bxe4 Bd5 51. Bc2 Bf3 52. h3 h6 53. Bd3
Bg2 54. h4 Bf3 55. Kd2 Bxg4 56. Be4 Kc7 57. Ke3 Bh5 58. Bd5 Be8 59. Bf3 Bc6 60.
Bg4 Kd6 61. Bh5 Bg2 62. Ke2 Be4 63. Bg6 Kd5 64. Ke3 Bc2 65. Bf7+ Kd6 66. Bg6
Bb3 67. Ke4 Bd5+ 68. Ke3 Ke7 69. Bh5 Bc6 70. Bd1 Kf7 71. Bh5+ Ke7 {...} 1/2-1/2

[Event "Nordrhein-Westfalen-Sachsen-Anhalt II"]
[Site "?"]
[Date "2005.04.15"]
[Round "3.4"]
[White "Hund, Isabel"]
[Black "Wetterling, Maria"]
[Result "1-0"]
[WhiteElo "2109"]
[BlackElo "1988"]
[PlyCount "123"]
[EventDate "1905.??.??"]

1. e4 e6 2. d3 d5 3. Nd2 Nf6 4. Ngf3 c5 5. g3 Nc6 6. Bg2 Be7 7. O-O b6 8. Re1
Bb7 9. exd5 exd5 10. d4 c4 11. c3 O-O 12. Ne5 Qc7 13. Nxc6 Bxc6 14. Nxc4 dxc4
15. Bxc6 Qxc6 16. Rxe7 b5 17. Bd2 Nd5 18. Re5 a5 19. Qf3 Rfd8 20. a3 f6 21. Re2
Rab8 22. Rc1 b4 23. axb4 axb4 24. cxb4 Nxb4 25. Qxc6 Nxc6 26. Be3 Nxd4 27. Bxd4
Rxd4 28. Rec2 Rb4 29. Ra1 Rd8 30. Ra7 Rd1+ 31. Kg2 Rb1 32. Rd2 h5 33. Rdd7 Kh7
34. Rxg7+ Kh6 35. Rh7+ Kg6 36. Rag7+ Kf5 37. Rxh5+ Ke6 38. Rg6 R1xb2 39. Rhh6
c3 40. Rxf6+ Kd5 41. Rc6 c2 42. Rhd6+ Ke5 43. Rd3 Ra4 44. Rdc3 Raa2 45. h4 Kf5
46. R6c5+ Kg6 47. Kh3 c1=Q 48. Rxc1 Rxf2 49. Kg4 Ra3 50. Rc6+ Kg7 51. Rc7+ Rf7
52. Rxf7+ Kxf7 53. Rc4 Kg6 54. h5+ Kh6 55. Rc6+ Kh7 56. Kh4 Ra1 57. g4 Rh1+ 58.
Kg5 Rg1 59. Rc7+ Kg8 60. h6 Kh8 61. Kh5 Rh1+ 62. Kg6 1-0

[Event "Nordrhein-Westfalen-Sachsen-Anhalt II"]
[Site "?"]
[Date "2005.04.15"]
[Round "3.5"]
[White "Wallstabe, Antje"]
[Black "Schmitz, Manuela"]
[Result "0-1"]
[WhiteElo "1586"]
[BlackElo "2087"]
[PlyCount "63"]
[EventDate "1905.??.??"]

1. c4 e6 2. Nc3 d5 3. cxd5 exd5 4. d3 Nf6 5. g3 c6 6. Bg2 Bd6 7. Nf3 O-O 8. O-O
Re8 9. Bg5 h6 10. Bxf6 Qxf6 11. Qa4 Nd7 12. e4 Nc5 13. Qc2 dxe4 14. dxe4 Bg4
15. Nd2 Ne6 16. Rfc1 Bc5 17. Rf1 Nd4 18. Qd3 Rad8 19. Qc4 Bb6 20. Rae1 Be6 21.
Qa4 Qg5 22. Nf3 Nxf3+ 23. Bxf3 Rd4 24. Qc2 Rd2 25. Qb1 Bc4 26. Na4 Bxf1 27.
Rxf1 Qf6 28. Qc1 Red8 29. Kg2 R8d3 30. Nxb6 Qxf3+ 31. Kg1 Rd1 32. h3 0-1

[Event "Nordrhein-Westfalen-Sachsen-Anhalt II"]
[Site "?"]
[Date "2005.04.15"]
[Round "3.6"]
[White "Roitburd, Marina"]
[Black "Domaske, Susann"]
[Result "1-0"]
[WhiteElo "2032"]
[BlackElo "1373"]
[PlyCount "39"]
[EventDate "1905.??.??"]

1. e4 e5 2. Nc3 Bc5 3. Bc4 Nf6 4. f4 exf4 5. d4 Be7 6. e5 Ng8 7. Bxf4 d6 8. Nf3
Bg4 9. exd6 Bxd6 10. Bxd6 cxd6 11. O-O Nf6 12. Qe1+ Kf8 13. Qg3 Bxf3 14. Qxf3
Qb6 15. Rad1 Nbd7 16. Qf5 Re8 17. Nd5 Qxb2 18. Nc7 Rc8 19. Qxd7 Rxc7 20. Qxc7
1-0

[Event "Nordrhein-Westfalen-Sachsen-Anhalt II"]
[Site "?"]
[Date "2005.04.15"]
[Round "3.7"]
[White "Thiele, Andra (Feist)"]
[Black "Nattermüller, Irina"]
[Result "0-1"]
[WhiteElo "1420"]
[BlackElo "2152"]
[PlyCount "74"]
[EventDate "1905.??.??"]

1. d4 d5 2. e3 e6 3. c4 c5 4. cxd5 exd5 5. dxc5 Bxc5 6. Bb5+ Nc6 7. Nc3 Nf6 8.
h3 O-O 9. Nf3 Bf5 10. O-O Rc8 11. a3 a6 12. Bxc6 bxc6 13. b4 Ba7 14. Bb2 Qd6
15. Ne2 Rfe8 16. Ng3 Bd7 17. Bd4 Bb8 18. Qe2 Ne4 19. Nh5 Ng5 20. Nf4 Qxf4 21.
exf4 Nxh3+ 22. gxh3 Rxe2 23. Be3 Rc2 24. Kh2 Re8 25. Nd4 Rc4 26. Rac1 Bxf4+ 27.
Bxf4 Rxd4 28. Bg3 Rde4 29. Rfd1 g5 30. Rd2 R4e6 31. Rc5 Rh6 32. Ra5 Bxh3 33. f3
Re3 34. Kg1 Rxf3 35. Bf2 g4 36. Rxa6 g3 37. Bxg3 Rxg3+ 0-1

[Event "Nordrhein-Westfalen-Sachsen-Anhalt II"]
[Site "?"]
[Date "2005.04.15"]
[Round "3.8"]
[White "Funk, Natali"]
[Black "Schneidewind, Tina"]
[Result "1-0"]
[WhiteElo "1907"]
[BlackElo "1283"]
[PlyCount "65"]
[EventDate "1905.??.??"]

1. d4 d5 2. c4 e6 3. e3 Nf6 4. Nf3 Be7 5. Nc3 O-O 6. Bd3 c5 7. O-O Nc6 8. b3 b6
9. Bb2 Bb7 10. Rc1 Nb4 11. Bb1 Ba6 12. Ne5 Rc8 13. Nb5 dxc4 14. bxc4 Bxb5 15.
cxb5 Nbd5 16. Nc6 Qd7 17. e4 Nf4 18. Qf3 Ng6 19. Rfd1 cxd4 20. Rxd4 Qc7 21.
Rdc4 Bc5 22. Bxf6 gxf6 23. Qxf6 Rce8 24. e5 Qd7 25. h4 Qd2 26. h5 Bxf2+ 27.
Qxf2 Qxf2+ 28. Kxf2 Ne7 29. Nxe7+ Rxe7 30. Rc7 Rxc7 31. Rxc7 Rd8 32. h6 Kf8 33.
Bxh7 1-0

[Event "Thüringen-Berlin"]
[Site "?"]
[Date "2005.04.15"]
[Round "3.1"]
[White "Nagel, Verena"]
[Black "Skibbe, Diana"]
[Result "0-1"]
[WhiteElo "2100"]
[BlackElo "2094"]
[PlyCount "56"]
[EventDate "1905.??.??"]

1. d4 Nf6 2. c4 e6 3. Nc3 Bb4 4. e3 c5 5. Bd2 b6 6. Qf3 Nc6 7. d5 Ne5 8. Qg3
Ng6 9. Bd3 d6 10. e4 O-O 11. h4 Ne5 12. h5 Nfg4 13. Be2 exd5 14. cxd5 f5 15. f4
Nf7 16. a3 Bxc3 17. Bxc3 Nfh6 18. exf5 Bxf5 19. Rh4 Qe7 20. Kd2 Nf6 21. Bf3
Rae8 22. Re1 Qf7 23. Qg5 Ne4+ 24. Bxe4 Bxe4 25. Rxe4 Rxe4 26. Qxh6 Qxd5+ 27.
Kc2 gxh6 28. Rg4+ Kf7 0-1

[Event "Thüringen-Berlin"]
[Site "?"]
[Date "2005.04.15"]
[Round "3.2"]
[White "Müller-Ludwig, Kristin"]
[Black "Wagner-Michel, Annett"]
[Result "1/2-1/2"]
[WhiteElo "2074"]
[BlackElo "2142"]
[PlyCount "87"]
[EventDate "1905.??.??"]

1. e4 c5 2. Nf3 Nc6 3. d4 cxd4 4. Nxd4 Nf6 5. Nc3 d6 6. Bg5 e6 7. Qd2 a6 8.
O-O-O Bd7 9. f4 b5 10. Bxf6 gxf6 11. Nxc6 Bxc6 12. Bd3 Qa5 13. Kb1 O-O-O 14.
Qf2 Bb7 15. f5 Be7 16. Qf3 Kb8 17. Qh5 b4 18. Ne2 exf5 19. Rhf1 Qb6 20. Rxf5
Bc8 21. Rff1 Be6 22. Nf4 Rd7 23. Nxe6 fxe6 24. Qg4 d5 25. Qg7 Qd8 26. exd5 Rxd5
27. Be2 Rg8 28. Qxh7 Rxg2 29. Bf3 Rxd1+ 30. Rxd1 Rd2 31. Rg1 Qb6 32. Re1 Qc5
33. Qe4 Kc7 34. h4 f5 35. Qf4+ Qd6 36. Qc4+ Kd7 37. h5 Bg5 38. a3 bxa3 39. bxa3
Qb6+ 40. Ka2 Rd4 41. Qe2 Rd2 42. Qc4 Rd4 43. Qe2 Rd2 44. Qc4 1/2-1/2

[Event "Thüringen-Berlin"]
[Site "?"]
[Date "2005.04.15"]
[Round "3.3"]
[White "Schulz, Stefanie"]
[Black "Fuchs, Antje"]
[Result "1-0"]
[WhiteElo "2070"]
[BlackElo "2107"]
[PlyCount "37"]
[EventDate "1905.??.??"]

1. e4 c5 2. Nc3 Nc6 3. f4 g6 4. Nf3 Bg7 5. Bc4 d6 6. O-O e6 7. f5 exf5 8. d3
Nge7 9. Qe1 O-O 10. Bg5 h6 11. Qh4 Be6 12. Nd5 hxg5 13. Nxg5 Re8 14. Qh7+ Kf8
15. Nxe6+ fxe6 16. Nf4 Nd4 17. Bxe6 g5 18. Qg8+ Nxg8 19. Ng6# 1-0

[Event "Thüringen-Berlin"]
[Site "?"]
[Date "2005.04.15"]
[Round "3.4"]
[White "Espig, Gesine"]
[Black "Sonnenberger, Kirsten"]
[Result "1/2-1/2"]
[WhiteElo "2080"]
[BlackElo "2049"]
[PlyCount "53"]
[EventDate "1905.??.??"]

1. c4 Nf6 2. Nc3 g6 3. d4 Bg7 4. e4 d6 5. f3 O-O 6. Be3 Nbd7 7. Bd3 e5 8. Nge2
a5 9. Qd2 b6 10. d5 Nc5 11. Bc2 Ne8 12. g4 Qh4+ 13. Ng3 h6 14. O-O-O Kh7 15.
Rdg1 Bd7 16. h3 Rb8 17. a4 Rh8 18. b3 Kg8 19. Kb2 Qd8 20. h4 c6 21. dxc6 Bxc6
22. Rd1 Ne6 23. h5 g5 24. Nf5 Bf8 25. Qf2 Qc7 26. Rd2 f6 27. Rhd1 1/2-1/2

[Event "Thüringen-Berlin"]
[Site "?"]
[Date "2005.04.15"]
[Round "3.5"]
[White "Platzek, Janine"]
[Black "Uhlendorf, Kristina"]
[Result "0-1"]
[WhiteElo "2084"]
[BlackElo "2074"]
[PlyCount "90"]
[EventDate "1905.??.??"]

1. Nf3 Nf6 2. d4 g6 3. c4 Bg7 4. Nc3 d5 5. Bf4 O-O 6. e3 c6 7. Rc1 Bg4 8. h3
Bxf3 9. Qxf3 Qa5 10. Bd3 Nbd7 11. O-O dxc4 12. Bxc4 e5 13. Bh2 exd4 14. exd4
Qb4 15. Qd3 Nb6 16. Bb3 Rad8 17. Ne2 Rfe8 18. a3 Qe7 19. Rfe1 c5 20. Qb5 Rxd4
21. Rxc5 Nfd7 22. Rcc1 Re4 23. Bd1 a6 24. Qb3 Bd4 25. Rc7 Qf6 26. Bg3 h5 27. h4
Be5 28. Rc2 Bxg3 29. Qxg3 Rg4 30. Qc3 Qxh4 31. Ng3 Rxe1+ 32. Qxe1 Rd4 33. Bxh5
Qf6 34. Bf3 Ne5 35. Bxb7 Qe7 36. Re2 Qd7 37. Qa5 Nbc4 38. Qxa6 Rd1+ 39. Kh2
Ng4+ 40. Kh3 Nxf2+ 41. Kh2 Qd4 42. Re8+ Kg7 43. Be4 Ne3 44. Nh5+ gxh5 45. Qc6
Nf1+ 0-1

[Event "Thüringen-Berlin"]
[Site "?"]
[Date "2005.04.15"]
[Round "3.6"]
[White "Lange, Corinna"]
[Black "Neldner, Anita"]
[Result "0-1"]
[WhiteElo "2065"]
[BlackElo "1786"]
[PlyCount "124"]
[EventDate "1905.??.??"]

1. e4 e5 2. Nf3 Nc6 3. d4 exd4 4. Bc4 Nf6 5. O-O d6 6. Nxd4 Be7 7. Nc3 O-O 8.
Bb3 Bd7 9. h3 Na5 10. Nde2 Nxb3 11. axb3 Re8 12. Be3 a6 13. Ng3 Bf8 14. Qd3 Qc8
15. Kh2 b6 16. Rad1 Bc6 17. f3 Qd8 18. Bg5 Bb7 19. Qc4 Qd7 20. Bxf6 gxf6 21.
Nf5 a5 22. Qd4 Qe6 23. Kh1 Qe5 24. Qf2 Kh8 25. Qh4 Bg7 26. Rfe1 Rad8 27. Re3
Qc5 28. Red3 Re5 29. Nxg7 Kxg7 30. f4 Rh5 31. Rg3+ Kf8 32. Qxf6 Re8 33. Rg7 Re7
34. Rg5 Rxg5 35. fxg5 Qe5 36. Qh6+ Kg8 37. Re1 Qf4 38. Qf6 Qxf6 39. gxf6 Re6
40. Nb5 Bxe4 41. Kg1 Bxc2 42. Rxe6 fxe6 43. g4 Bxb3 44. Nxc7 Kf7 45. g5 Bc4 46.
Kf2 e5 47. Ke3 d5 48. h4 a4 49. Na8 b5 50. Nb6 d4+ 51. Kd2 e4 52. Nd7 e3+ 53.
Ke1 d3 54. Ne5+ Ke8 55. Nf3 d2+ 56. Nxd2 exd2+ 57. Kxd2 Kf7 58. h5 Ke6 59. Kc3
Kf5 60. Kb4 Kxg5 61. f7 Bxf7 62. Kxb5 Be8+ 0-1

[Event "Thüringen-Berlin"]
[Site "?"]
[Date "2005.04.15"]
[Round "3.7"]
[White "Neldner, Uta"]
[Black "Kube, Hannelore"]
[Result "1/2-1/2"]
[WhiteElo "1745"]
[BlackElo "1998"]
[PlyCount "33"]
[EventDate "1905.??.??"]

1. d4 f5 2. e3 Nf6 3. Bd3 e6 4. Nf3 Be7 5. O-O O-O 6. Nbd2 d5 7. c3 Qe8 8. Ne5
Nbd7 9. f4 c5 10. Qe1 Nxe5 11. fxe5 Ne4 12. Nxe4 fxe4 13. Rxf8+ Qxf8 14. Be2
Bd7 15. Bd2 Bg5 16. Qg3 Bh6 17. Rf1 1/2-1/2

[Event "Thüringen-Berlin"]
[Site "?"]
[Date "2005.04.15"]
[Round "3.8"]
[White "Von der Weth-von Nordheim, Petra"]
[Black "Strate, Gerda"]
[Result "1/2-1/2"]
[WhiteElo "1731"]
[BlackElo "1735"]
[PlyCount "43"]
[EventDate "1905.??.??"]

1. d4 d5 2. e3 e6 3. Bd3 c5 4. c3 cxd4 5. exd4 Nc6 6. Nf3 Nf6 7. O-O Be7 8.
Nbd2 O-O 9. Re1 Qc7 10. Nf1 Bd6 11. h3 Re8 12. Bg5 Be7 13. Bc2 h6 14. Bh4 Nh5
15. Bxe7 Qxe7 16. Ne5 Qg5 17. Qf3 f6 18. Bg6 Nxe5 19. Rxe5 Qxg6 20. Rxh5 Bd7
21. Ng3 Re7 22. Re1 1/2-1/2

[Event "Sachsen-Sachsen-Anhalt I"]
[Site "?"]
[Date "2005.04.15"]
[Round "3.1"]
[White "Madl, Ildiko"]
[Black "Melamed, Tatjana"]
[Result "1/2-1/2"]
[WhiteElo "2375"]
[BlackElo "2295"]
[PlyCount "115"]
[EventDate "1905.??.??"]

1. e4 Nf6 2. e5 Nd5 3. d4 d6 4. c4 Nb6 5. exd6 cxd6 6. Nc3 g6 7. Be3 Bg7 8. h3
O-O 9. Rc1 Nc6 10. Nf3 d5 11. c5 Nc4 12. Bxc4 dxc4 13. O-O Bf5 14. Qa4 Bd3 15.
Rfd1 e5 16. dxe5 Nxe5 17. Nxe5 Bxe5 18. b3 Bxc3 19. Rxc3 Qf6 20. Rcc1 Rfd8 21.
bxc4 Be4 22. Rxd8+ Rxd8 23. Qxa7 Qc6 24. Qb6 Rd3 25. Qxc6 Bxc6 26. Rc2 Rd1+ 27.
Kh2 Rd3 28. Bh6 f6 29. h4 Rd4 30. Kg3 Kf7 31. Rc3 Be4 32. f3 Bc6 33. Be3 Rd1
34. Ra3 Rb1 35. Rb3 Ra1 36. a3 Ra2 37. Rd3 Rc2 38. Rd6 Rxc4 39. Bd4 f5 40. Kf4
Rc2 41. Kg3 Re2 42. Bc3 Re3 43. Bb4 Re2 44. Rd8 Re8 45. Rd2 Re3 46. Kf4 Re7 47.
Kg5 Rd7 48. Kh6 Rxd2 49. Bxd2 Kg8 50. h5 Be8 51. Bb4 Kf7 52. hxg6+ hxg6 53. Kg5
Ke6 54. g4 fxg4 55. fxg4 Kd5 56. Kf6 Bd7 57. g5 Bf5 58. Ke7 1/2-1/2

[Event "Sachsen-Sachsen-Anhalt I"]
[Site "?"]
[Date "1905.04.15"]
[Round "3.2"]
[White "Beltz, Franziska"]
[Black "Lakos, Nikoletta"]
[Result "1/2-1/2"]
[WhiteElo "2061"]
[BlackElo "2342"]
[PlyCount "70"]
[EventDate "1905.??.??"]

1. e4 c5 2. Nf3 Nc6 3. d4 cxd4 4. Nxd4 Qc7 5. Nc3 e6 6. Be2 a6 7. O-O Nf6 8.
Kh1 h5 9. Nb3 b5 10. a3 Bb7 11. f4 d6 12. Bf3 Be7 13. Qe2 h4 14. Be3 g6 15. Qe1
Nh5 16. Kg1 Bf6 17. Nd1 Qe7 18. Rc1 g5 19. e5 dxe5 20. fxg5 Bxg5 21. Bxg5 Qxg5
22. Nf2 Qe7 23. c4 b4 24. Ne4 Nf4 25. Rd1 Rd8 26. c5 Rxd1 27. Qxd1 Ba8 28. Nd6+
Kf8 29. axb4 Rg8 30. Na5 Nxg2 31. Kh1 Ne3 32. Qd2 Nxf1 33. Qh6+ Rg7 34. Qh8+
Rg8 35. Qh6+ Rg7 1/2-1/2

[Event "Sachsen-Sachsen-Anhalt I"]
[Site "?"]
[Date "2005.04.15"]
[Round "3.3"]
[White "Horvath, Julia"]
[Black "Ulms, Sandra"]
[Result "1-0"]
[WhiteElo "2226"]
[BlackElo "2151"]
[PlyCount "107"]
[EventDate "1905.??.??"]

1. d4 Nf6 2. c4 g6 3. Nc3 Bg7 4. e4 d6 5. Be2 O-O 6. Be3 Na6 7. g4 c5 8. d5 e6
9. g5 Ne8 10. h4 Nac7 11. h5 Rb8 12. a4 Bd7 13. Bd3 Qe7 14. Qd2 b6 15. Nge2 a6
16. hxg6 fxg6 17. dxe6 Bxe6 18. O-O-O b5 19. axb5 axb5 20. cxb5 Qf7 21. f4 Ra8
22. b6 Ra1+ 23. Bb1 Na6 24. Nd5 Bxd5 25. Qxd5 Nb4 26. Qxf7+ Rxf7 27. e5 c4 28.
e6 Rb7 29. Nc3 Nd3+ 30. Kd2 Nxb2 31. f5 Bxc3+ 32. Kxc3 Nxd1+ 33. Rxd1 Ra3+ 34.
Kd2 gxf5 35. Bxf5 Ra5 36. Bg4 d5 37. Bh5 Nd6 38. Bd4 Ra3 39. Kc1 Rh3 40. Bg4
Rh4 41. Bf3 Ne4 42. Rg1 Rh2 43. g6 hxg6 44. Rxg6+ Kh7 45. Bxe4 dxe4 46. Rf6 Kg8
47. Bc5 Kg7 48. Rf4 Rh7 49. e7 Rh1+ 50. Kc2 Rh2+ 51. Kc3 Rxe7 52. Bxe7 e3 53.
Re4 Kf7 54. b7 1-0

[Event "Sachsen-Sachsen-Anhalt I"]
[Site "?"]
[Date "2005.04.15"]
[Round "3.4"]
[White "Dämering, Katrin"]
[Black "Krege, Sandra"]
[Result "0-1"]
[WhiteElo "2148"]
[BlackElo "1988"]
[PlyCount "110"]
[EventDate "1905.??.??"]

1. e4 c5 2. Nf3 Nc6 3. d4 cxd4 4. Nxd4 Nf6 5. Nc3 e5 6. Ndb5 d6 7. Bg5 a6 8.
Na3 Be6 9. Nc4 Rc8 10. Ne3 Be7 11. Bd3 Nxe4 12. Bxe4 Bxg5 13. Nf5 Bxf5 14. Bxf5
Rb8 15. Be4 O-O 16. h4 Bf6 17. Nd5 Be7 18. Ne3 Qb6 19. O-O Nd4 20. c3 Ne6 21.
Nf5 Qc7 22. Qg4 Kh8 23. h5 Bf6 24. Nxg7 Nxg7 25. h6 Rg8 26. hxg7+ Rxg7 27. Qf5
Qe7 28. Rad1 b5 29. Rd3 Bg5 30. Rfd1 Rd8 31. Rd5 Rg6 32. Qf3 Rh6 33. a4 bxa4
34. Qd3 Bf4 35. g3 Bg5 36. Qxa6 Qe6 37. Bg2 f5 38. Qxa4 f4 39. Qe4 fxg3 40.
fxg3 Be7 41. Rf1 Rg8 42. Rd3 Rhg6 43. Qe1 Qg4 44. Bd5 Rb8 45. Qe4 Qh3 46. Rf2
Qh6 47. Bf7 Rg7 48. Rdf3 Bd8 49. Kg2 Bb6 50. Rf1 Rg5 51. Rf6 Qg7 52. Rxd6 Rxg3+
53. Kh2 Rg4 54. Rxb6 Rd8 55. Qe2 Rh4# 0-1